Técnicas de comunicación y relación de ayuda en ciencias de la salud (Registro nro. 6122)
[ vista simple ]
| 000 -Cabecera (24) | |
|---|---|
| Campo de control interno | 01001nam a22002894a 4500 |
| 001 - Número de control | |
| Campo de control | PE-BaUNAB |
| 005 - Fecha y hora de la | |
| Campo de control | 20260702205131.0 |
| 006 - ELEMENTOS DE DATOS DE LONGITUD FIJA - CARACTERÍSTICAS ADICIONALES DEL MATERIAL - INFORMACIÓN GENERAL | |
| Campo de control de longitud fija | a||||gr|||| 001 0 |
| 007 - Tipo material - Descripcion fisica - info general | |
| Tipo material | ta |
| 008 - Códigos de longitud fija (40p) | |
| Campo de control de longitud fija | t pe gr 00| 0 spa d |
| 017 ## - Depósito legal | |
| Depósito legal | B 16.054-2022 |
| 020 ## - INTERNATIONAL STANDARD BOOK NUMBER | |
| ISBN | 9788413822488 |
| 040 ## - Origen de la Catalogacion | |
| Origen de la Catalogacion | PE-BaUNAB |
| 041 ## - Código de idioma | |
| Código de lengua del texto/banda sonora o título independiente (R) | spa |
| 043 ## - Pais ISO | |
| País ISO | per |
| 082 ## - Número de clasificación | |
| Clasificación | 610.696 |
| 100 ## - Autor personal | |
| Autor personal | Cibanal Juan, Luis |
| Rol de la persona | Autor |
| 9 (RLIN) | 453 |
| 245 ## - Titulo | |
| Titulo | Técnicas de comunicación y relación de ayuda en ciencias de la salud |
| 260 ## - Pie de imprenta | |
| Ciudad | Barcelona |
| Nombre de la editorial | Elsevier España |
| Año | 2023 |
| 300 ## - Descripción física | |
| Extensión | 375 páginas |
| Dimensiones | 24 cm |
| 505 ## - Nota de contenido | |
| Nota de contenido | I. Algunos aspectos de la comunicación, II. Hacia una comunicación clara y transparente, III La relación de ayuda, IV. Comunicación grupal |
| 650 ## - Temas - Descriptores | |
| Temas - Descriptores | COMUNICACIÓN EN SALUD |
| 9 (RLIN) | 13867 |
| 650 ## - Temas - Descriptores | |
| Temas - Descriptores | RELACIONES PROFESIONAL-PACIENTE |
| 9 (RLIN) | 13868 |
| 700 ## - Asiento secundario - Autor personal | |
| Autor Personal | Arce Sánchez, María del Carmen |
| 9 (RLIN) | 13869 |
| 700 ## - Asiento secundario - Autor personal | |
| Autor Personal | Carballal Balsa, María del Consuelo |
| 9 (RLIN) | 13870 |
| 942 ## - Datos personalizados Koha | |
| Fuente de clasificación | Dewey Decimal Classification |
| Tipo de Documento | Libros |
| Fecha procesamiento | 2026-07-02 |
| Catalogador | LRM |
| Fuente de Clasificacion | Colección | Ubicacion permanente | Ubicacion actual | Fecha de adquisicion a la Biblioteca | Prestamos | Signatura | Código de barras | Ultima fecha de verificacion | Tipo de ítem |
|---|---|---|---|---|---|---|---|---|---|
| Dewey Decimal Classification | Psicología | UNAB | UNAB | 07/02/2026 | 610.696/C56 | 01L000008442 | 07/02/2026 | Libros |
